Statystyki dla Flagi z Krzyżem Św Jerzego

Kliknij tutaj aby rozwiązać quiz!

Ogólne statystyki

  • Ten quiz został rozwiązany 11 razy
  • Średni wynik to 12 z 22

Statystyki odpowiedzi

Odpowiedź% Poprawnych
Australia
100%
Nowa Zelandia
100%
Wielka Brytania
100%
Fidżi
88%
Bermudy
75%
Anguilla
63%
Falklandy
63%
Niue
63%
Pitcairn
63%
Tuvalu
63%
Wyspy Cooka
63%
Brytyjskie Wyspy Dziewicze
50%
Turks i Caicos
50%
Brytyjskie Terytorium Oceanu Indyjskiego
38%
Kajmany
38%
Wyspa Świętej Heleny
38%
Hawaje
25%
Montserrat
25%
Wyspa Wniebowstąpienia
25%
Brytyjskie Terytorium Antarktyczne
13%
Georgia Południowa i Sandwich Południowy
13%
Tristan da Cunha
13%

Rozkład punktacji

Percentyl według liczby udzielonych odpowiedzi

Procent ludzi z każdym wynikiem

Twoja historia wyników

Nie rozwiązałeś tego quizu